Bulkington

N/A


Categories

Arts - Music1100253572.5011
Other - Geo/CE020120110118.0001
Science - Chemistry021115105112.0001
History - World History010110131131.0000
Literature - World Lit0100107575.0001
Other - Other Academic010010105105.0011
Science - Other Science010010109109.0011
Arts - Other Arts010110129129.0000
Beliefs - Religion0100106868.0011

Buzzes

Arts - Musicklezmer music1535
Beliefs - Religionwashing hands1068
Literature - World LitRamayana1075
Science - Chemistrypore size-599
Science - Chemistrygas chromatography10105
Other - Other AcademicPerl10105
Science - Other Scienceplanetary migration10109
Arts - MusicG minor10110
Other - Geo/CEelevation10110
Science - Chemistryperiodate10119